Statistiche per Acquisti più costosi - Liverpool

Clicka qui per fare il quiz!

Statistiche generali

  • Questo quiz è stato fatto 26 volte
  • Il punteggio medio è 12 su 20

Statistiche sulle risposte

Costo (M €)DaNazioneAnnoCalciatore% Corretto
42RomaEgitto2017Mohamed Salah
100%
62,50RomaBrasile2018Alisson
92%
84,65SouthamptonPaesi Bassi2018Virgil van Dijk
92%
41,20SouthamptonSenegal2016Sadio Mané
88%
80BenficaUruguay2022Darwin Núñez
84%
60Red Bull LipsiaGuinea2018Naby Keita
76%
41HoffenheimBrasile2015Roberto Firmino
76%
47PortoColombia2022Luis Díaz
68%
26,50AjaxUruguay2011Luis Suárez
68%
42PSVPaesi Bassi2023Cody Gakpo
64%
44,70WolverhamptonPortogallo2020Diogo Jota
64%
38Atletico MadridSpagna2007Fernando Torres
56%
40Red Bull LipsiaFrancia2021Ibrahima Konaté
56%
45MonacoBrasile2018Fabinho
52%
38ArsenalInghilterra2017Alex Oxlade-Chamberlain
40%
25,30SouthamptonCroazia2014Dejan Lovren
40%
27,50Newcastle UtdPaesi Bassi2016Georginio Wijnaldum
40%
31SouthamptonInghilterra2014Adam Lallana
32%
46,50Aston VillaBelgio2015Christian Benteke
32%
41Newcastle UtdInghilterra2011Andy Carroll
16%

Distribuzione punteggi

Percentile per numero di risposta

Percentuale di utenti per punteggio

I tuoi punteggi nel tempo

Non hai fatto questo quiz